Scientific papers of the University of Pardubice Sborník vědeckých prací Univerzity Pardubice Fakulta chemicko-technologická Series A, 12 (2006) Faculty of chemical technology

Salvato in:
Dettagli Bibliografici
Natura: Libro
Lingua:inglese
Pubblicazione: Pardubice Univerzita Pardubice 2007
Edizione:1. vyd.
Soggetti:
Accesso online:Visualizza in OPAC
Tags: Aggiungi Tag
Nessun Tag, puoi essere il primo ad aggiungerne!!

MARC

LEADER 00000nam a2200000 a 4500
005 20260127133949.0
008 081212 2008 xr 000 0 eng d
020 |a 9788071949251 
035 |a vtls009454640 
039 9 |a 200812121020  |b mschk03  |y 200812121018  |z mschk03 
040 |a STUSCHK1  |b slo  |c STUSCHK1  |e AACR2 
080 |a 54(082) 
080 |a 66(082) 
245 1 |a Scientific papers of the University of Pardubice  |b Sborník vědeckých prací Univerzity Pardubice Fakulta chemicko-technologická  |n Series A, 12 (2006)  |p Faculty of chemical technology  |c [Zdeněk Palatý (ed.)] 
250 |a 1. vyd. 
260 |a Pardubice  |b Univerzita Pardubice  |c 2007 
300 |a 186 s.  |b il.  |c 24 cm 
650 0 |a chemie a chemická technologie  |z sborníky 
910 |a SCHK95 
919 |a 978-80-7194-925-1 
999 |c 1025  |d 1025